000 01031naa a2200289 c 4500
001 43658
003 ES-MaCES
005 20130215142300.0
008 130215n2012 sp t 000 | spa d
035 _aCES20130001023v
040 _aES-MaCES
_bspa
_cES-MaCES
100 1 _aPoquet Catalá, Raquel
_921241
245 1 3 _aLa actual configuración del descuelgue tras la reforma de 2012
_cRaquel Poquet Catalá
500 _aResumen en español e inglés
650 4 _aEspaña
_926964
650 4 _aconvenio colectivo
_928361
650 4 _alegislación del trabajo
_927166
650 4 _areforma legislativa
_929892
650 4 _adespido injustificado
_929844
650 4 _aflexibilidad del trabajo
_930174
650 4 _adescuelgue salarial
_931527
653 1 0 _aDerecho del trabajo y Seguridad Social
773 0 _tAranzadi social
_gn. 7 (nov. 2012){10650 R. 082377}; p. 101-121
_w(ES-MaCES)25655
_967553
902 _aART Artículo de revista
942 _2CES
_cAR
_h6.0.1.
999 _c43658
_d43658